Psicoterapia y humanismo: tiene un sentido la vida
محفوظ في:
| المؤلف الرئيسي: | |
|---|---|
| التنسيق: | كتاب |
| اللغة: | الإسبانية |
| منشور في: |
Ciudad de México
Fondo de Cultura Económica
1984
|
| الطبعة: | 2a. ed |
| سلاسل: | Breviarios del Fondo de Cultura Económica, 333
|
| الموضوعات: | |
| الوسوم: |
إضافة وسم
لا توجد وسوم, كن أول من يضع وسما على هذه التسجيلة!
|
MARC
| LEADER | 00000nam a2200000 a 4500 | ||
|---|---|---|---|
| 001 | UCW3428 | ||
| 003 | CL-VaPUC | ||
| 008 | 880824e19840000MX |||||||||||||||||spa|d | ||
| 082 | 0 | 4 | |a 616.8914 |b FRA |2 21 |
| 100 | |a Frankl, Viktor E. |e autor |9 307574 | ||
| 245 | 1 | 0 | |a Psicoterapia y humanismo: tiene un sentido la vida |
| 250 | |a 2a. ed | ||
| 300 | |a 219 p | ||
| 942 | |c BK | ||
| 945 | |d 19880824 00:00:00 | ||
| 260 | |a Ciudad de México |b Fondo de Cultura Económica |c 1984 | ||
| 650 | 0 | |a Logoterapia |9 307575 | |
| 650 | 0 | |a Humanismo |9 256530 | |
| 650 | 7 | |a PSICOTERAPIA |2 CL-VaPUC |9 307576 | |
| 583 | |a last modification |c 19880824 00:00:00 |k Rodrigo Vera | ||
| 490 | 0 | |a Breviarios del Fondo de Cultura Económica, 333 | |
| 999 | |c 217424 |d 217422 | ||
| 952 | |0 0 |1 0 |4 0 |6 616_891400000000000_FRA_1984 |7 0 |8 A |9 204950 |a BIBEDU |b BIBEDU |d 2019-11-15 |i 272894K |o 616.8914 FRA 1984 |p 272894K |r 2019-11-15 |w 2019-11-15 |y BK |k EDU | ||
| 952 | |0 0 |1 0 |4 0 |6 616_891400000000000_FRA_1984 |7 0 |8 A |9 204951 |a BIBEDU |b BIBEDU |d 2019-11-15 |i 3290344 |o 616.8914 FRA 1984 |p 3290344 |r 2019-11-15 |w 2019-11-15 |y BK |k PSI | ||